000 01162nmm a2200421 a 4500
003 AR-BaBNM
005 20251128210156.0
008 259019s1997 ||||||||||||||000 | spa||
020 _a968-24-0102-x
040 _cAR-BaBNM
100 1 _aJiménez-Ottalengo, Regina
245 1 0 _aSociología de la educación
250 _a1ª ed.
260 _aMéxico, D.F.
_bTrillas
_c1997
300 0 _a179 p.
_bgráfs., tablas
500 0 _aContiene índice onomástico p. 171-172
500 0 _aContiene índice analítico p. 173-179
504 _aContiene bibliografía p. 169-170
600 1 4 _aDurkheim, Emile
_d1858-1917
600 1 4 _aMannheim, Karl
600 1 4 _aHabermas, Jürgens
600 1 4 _aWeber, Max
_d1864-1920
650 4 _aSOCIOLOGIA DE LA EDUCACION
650 4 _aSOCIEDAD
650 4 _aESCUELAS
650 4 _aTEORIAS DE LA EDUCACION
650 4 _aSISTEMAS SOCIALES
650 4 _aUNIVERSIDADES
650 4 _aEDUCACION Y EMPLEO
650 4 _aCULTURA
650 4 _aIDENTIDAD
650 4 _aVALORES
650 4 _aECOLOGIA
653 0 _aSISTEMA EDUCATIVO
700 1 _aMoreno Valle, Lucina
942 _cBK
998 _cRaquel
999 _c14380
_d14380